UK Residential Market Survey (Record no. 122131)

MARC details
000 -LEADER
fixed length control field 01274nam a22002057a 4500
008 - FIXED-LENGTH DATA ELEMENTS--GENERAL INFORMATION
fixed length control field 250331e20250311xxk|||||o|||| 00| 0 eng d
041 ## - LANGUAGE CODE
Language code of text/sound track or separate title eng
110 ## - MAIN ENTRY--CORPORATE NAME
Corporate author Royal Institution of Chartered Surveyors
245 ## - TITLE STATEMENT
Title UK Residential Market Survey
Subtitle February 2025
Medium [Electronic resource]
260 ## - PUBLICATION INFORMATION
Place of publication London,
Publisher Royal Institution of Chartered Surveyors,
Date March 2025
300 ## - PHYSICAL DESCRIPTION
Physical description 17p
490 ## - SERIES TITLE
Series statement RICS UK Residential Market Survey
520 ## - ABSTRACT
Abstract The February 2025 RICS UK Residential Survey <br/>results are indicative of a modest slowdown across <br/>the sales market, with concerns over interest rates, <br/>inflation, and global events appearing to dampen <br/>buyer confidence somewhat. Moreover, the <br/>impending stamp duty deadline on the 1st of April <br/>is likely distorting the underlying demand picture <br/>at present, as well as contributing to uncertainty <br/>around the outlook for activity in the months <br/>ahead.
650 ## - KEYWORDS
Keywords HOUSING MARKET
650 ## - KEYWORDS
Keywords RESIDENTIAL PROPERTY
651 ## - SUBJECT ADDED ENTRY--GEOGRAPHIC NAME
Geographic name United Kingdom
710 ## - ADDED CORPORATE NAME
Added corporate author Royal Institution of Chartered Surveyors
856 ## - ONLINE RESOURCE
Uniform Resource Identifier <a href="https://www.rics.org/content/dam/ricsglobal/documents/market-surveys/uk-residential-market-survey/2_WEB_February_2025_RICS_UK_Residential_Market_Survey_tp.pdf">https://www.rics.org/content/dam/ricsglobal/documents/market-surveys/uk-residential-market-survey/2_WEB_February_2025_RICS_UK_Residential_Market_Survey_tp.pdf</a>
Public note Available free on RICS.org
942 ## - ADDED ENTRY ELEMENTS (KOHA)
Suppress in OPAC Do not suppress in OPAC
Holdings
Lost status Damaged status Not for loan Current library Shelving location Date acquired Total Checkouts Full call number Date last seen Price effective from Koha item type
      Virtual Online 31/03/2025   PROPERTY MARKET DATA 31/03/2025 31/03/2025 Online material